[Event "V4 OPEN - International Championship of Slovakia 2
[Site "Banska Stiavnica"]
[Date "2013.07.10"]
[Round "5"]
[Board "17"]
[White "Oszczanowski, Witold"]
[Black "Motuz, Karol"]
[Result "1-0"]
[WhiteElo "1936"]
[BlackElo "2361"]
[PlyCount "0"]
[EventDate "2013.07.06"]
[EventRounds "9"]
[EventCountry "SVK"]

1. e4 {[%clk 1:29:24]} c5 {[%clk 1:30:30]} 2. Nf3 {[%clk 1:28:22]} d6
{[%clk 1:30:47]} 3. d4 {[%clk 1:28:46]} cxd4 {[%clk 1:31:12]} 4. Nxd4
{[%clk 1:29:11]} Nf6 {[%clk 1:31:35]} 5. Nc3 {[%clk 1:29:37]} Nc6
{[%clk 1:30:47]} 6. Bg5 {[%clk 1:29:08]} Bd7 {[%clk 1:29:45]} 7. Qd2
{[%clk 1:29:26]} Rc8 {[%clk 1:29:19]} 8. f4 {[%clk 1:29:17]} h6 {[%clk 1:23:35]}
9. Bxf6 {[%clk 1:24:50]} gxf6 {[%clk 1:24:00]} 10. O-O-O {[%clk 1:25:05]} Nxd4
{[%clk 1:23:38]} 11. Qxd4 {[%clk 1:24:26]} Qa5 {[%clk 1:24:03]} 12. Bc4
{[%clk 1:22:55]} Qc5 {[%clk 1:23:55]} 13. Qxc5 {[%clk 1:22:28]} Rxc5
{[%clk 1:24:23]} 14. Bb3 {[%clk 1:22:51]} h5 {[%clk 1:23:06]} 15. Kb1
{[%clk 1:21:11]} Bh6 {[%clk 1:17:17]} 16. g3 {[%clk 1:20:03]} h4 {[%clk 1:16:33]}
17. Nd5 {[%clk 1:18:48]} Bc6 {[%clk 0:59:30]} 18. Rhe1 {[%clk 1:09:24]} Bg7
{[%clk 0:50:25]} 19. f5 {[%clk 0:53:09]} hxg3 {[%clk 0:43:49]} 20. hxg3
{[%clk 0:53:34]} Rh3 {[%clk 0:43:56]} 21. g4 {[%clk 0:48:26]} Rh4
{[%clk 0:43:13]} 22. Rg1 {[%clk 0:48:23]} Kf8 {[%clk 0:31:14]} 23. Rdf1
{[%clk 0:44:59]} a5 {[%clk 0:29:50]} 24. a4 {[%clk 0:37:22]} b5 {[%clk 0:29:07]}
25. axb5 {[%clk 0:16:22]} Bxb5 {[%clk 0:29:14]} 26. Rf3 {[%clk 0:16:45]} a4
{[%clk 0:22:14]} 27. Ba2 {[%clk 0:17:08]} Bh6 {[%clk 0:21:18]} 28. Rc3
{[%clk 0:15:55]} Bd2 {[%clk 0:17:21]} 29. Rxc5 {[%clk 0:15:17]} dxc5
{[%clk 0:17:50]} 30. c4 {[%clk 0:12:44]} Bc6 {[%clk 0:15:52]} 31. Rg2
{[%clk 0:13:05]} Bg5 {[%clk 0:16:02]} 32. Kc2 {[%clk 0:12:46]} Rh1
{[%clk 0:14:17]} 33. b3 {[%clk 0:11:09]} a3 {[%clk 0:13:19]} 34. Kd3
{[%clk 0:11:33]} Rd1+ {[%clk 0:12:09]} 35. Kc3 {[%clk 0:10:12]} e6
{[%clk 0:11:45]} 36. b4 {[%clk 0:08:48]} exd5 {[%clk 0:09:27]} 37. exd5
{[%clk 0:09:04]} cxb4+ {[%clk 0:07:42]} 38. Kxb4 {[%clk 0:09:29]} Be8
{[%clk 0:06:36]} 39. c5 {[%clk 0:08:33]} Rd2 {[%clk 0:04:47]} 40. Rxd2 Bxd2+
{[%clk 0:05:16]} 41. Kxa3 {[%clk 0:09:05]} Bb5 {[%clk 0:05:03]} 42. d6
{[%clk 0:08:17]} Bc6 {[%clk 0:03:41]} 43. Bc4 {[%clk 0:07:55]} Ba5
{[%clk 0:21:49]} 44. Be2 {[%clk 0:37:23]} Ke8 {[%clk 0:20:25]} 45. Kb3
{[%clk 0:37:25]} Kd7 {[%clk 0:19:38]} 46. Bc4 {[%clk 0:34:46]} Ke8
{[%clk 0:16:23]} 47. Be2 {[%clk 0:35:09]} Kf8 {[%clk 0:16:42]} 48. Kc4
{[%clk 0:33:48]} Kg7 {[%clk 0:16:01]} 49. Kd4 {[%clk 0:33:09]} Be1
{[%clk 0:15:32]} 50. Ke3 {[%clk 0:33:08]} Bb4 {[%clk 0:15:24]} 51. Kd4
{[%clk 0:33:34]} Be1 {[%clk 0:10:39]} 52. Ke3 {[%clk 0:33:48]} Bb4
{[%clk 0:11:00]} 53. Kd4 {[%clk 0:33:44]} Kh6 {[%clk 0:10:29]} 54. Bc4
{[%clk 0:32:52]} Kg5 {[%clk 0:10:13]} 55. Bd5 {[%clk 0:31:45]} Be8
{[%clk 0:08:24]} 56. Kc4 {[%clk 0:31:43]} Ba3 {[%clk 0:08:17]} 57. Be6
{[%clk 0:31:49]} Kf4 {[%clk 0:04:11]} 58. d7 {[%clk 0:31:28]} Bxd7
{[%clk 0:04:35]} 59. Bxd7 {[%clk 0:31:57]} Ke5 {[%clk 0:04:08]} 60. Be8
{[%clk 0:32:05]} Bc1 {[%clk 0:03:25]} 61. Bxf7 {[%clk 0:31:23]} Be3
{[%clk 0:02:13]} 62. Be6 {[%clk 0:30:12]} Bf4 {[%clk 0:01:25]} 63. Kb5
{[%clk 0:30:20]} Be3 {[%clk 0:01:31]} 64. Kb6 {[%clk 0:29:42]} Bf2
{[%clk 0:01:40]} 65. Kb5 {[%clk 0:28:19]} Be3 {[%clk 0:01:45]} 66. Bd7
{[%clk 0:28:41]} Bf2 {[%clk 0:01:34]} 67. Kc4 {[%clk 0:28:17]} Be3
{[%clk 0:01:56]} 68. Be6 {[%clk 0:28:03]} Bc1 {[%clk 0:02:03]} 69. Kb5
{[%clk 0:27:46]} Be3 {[%clk 0:02:24]} 70. Bd7 {[%clk 0:28:12]} Bf2
{[%clk 0:02:02]} 71. c6 {[%clk 0:28:19]} Kd6 {[%clk 0:02:07]} 72. g5
{[%clk 0:28:46]} fxg5 {[%clk 0:02:11]} 73. f6 {[%clk 0:29:14]} Bg3
{[%clk 0:02:16]} 74. Kb6 {[%clk 0:29:30]} Be5 {[%clk 0:00:44]} 75. Kb7
{[%clk 0:29:47]} g4 {[%clk 0:00:43]} 76. c7 {[%clk 0:30:02]} 1-0

[Event "V4 OPEN - International Championship of Slovakia 2
[Site "Banska Stiavnica"]
[Date "2013.07.10"]
[Round "5"]
[Board "18"]
[White "Repka, Christopher"]
[Black "Petras, Marian"]
[Result "1-0"]
[WhiteElo "2361"]
[BlackElo "1954"]
[PlyCount "0"]
[EventDate "2013.07.06"]
[EventRounds "9"]
[EventCountry "SVK"]

1. c4 {[%clk 1:30:59]} e5 {[%clk 1:30:42]} 2. Nc3 {[%clk 1:31:11]} Nf6
{[%clk 1:31:06]} 3. g3 {[%clk 1:31:35]} d5 {[%clk 1:31:28]} 4. cxd5
{[%clk 1:32:00]} Nxd5 {[%clk 1:31:53]} 5. Bg2 {[%clk 1:32:25]} Nb6
{[%clk 1:32:16]} 6. Nf3 {[%clk 1:32:30]} Nc6 {[%clk 1:32:19]} 7. O-O
{[%clk 1:32:31]} Be6 {[%clk 1:32:02]} 8. d3 {[%clk 1:32:08]} Be7 {[%clk 1:32:18]}
9. a3 {[%clk 1:32:16]} O-O {[%clk 1:31:41]} 10. b4 {[%clk 1:32:42]} f6
{[%clk 1:31:59]} 11. Ne4 {[%clk 1:30:54]} Nd5 {[%clk 1:27:26]} 12. Qc2
{[%clk 1:28:56]} Qd7 {[%clk 1:23:24]} 13. Nc5 {[%clk 1:28:23]} Bxc5
{[%clk 1:23:45]} 14. Qxc5 {[%clk 1:28:49]} Nce7 {[%clk 1:24:01]} 15. Bb2
{[%clk 1:27:39]} c6 {[%clk 1:21:30]} 16. Rfd1 {[%clk 1:25:17]} Ng6
{[%clk 1:15:44]} 17. Qc2 {[%clk 1:15:26]} Bh3 {[%clk 1:14:11]} 18. Bh1
{[%clk 1:15:28]} Qg4 {[%clk 1:06:25]} 19. Rac1 {[%clk 1:04:53]} Kh8
{[%clk 1:03:25]} 20. Qd2 {[%clk 1:03:55]} Ndf4 {[%clk 1:00:06]} 21. e3
{[%clk 0:59:29]} Nh4 {[%clk 1:00:02]} 22. Nd4 {[%clk 0:55:15]} exd4
{[%clk 0:48:07]} 23. f3 {[%clk 0:55:25]} dxe3 {[%clk 0:46:27]} 24. fxg4
{[%clk 0:28:56]} exd2 {[%clk 0:46:34]} 25. Rxd2 {[%clk 0:28:20]} Bxg4
{[%clk 0:39:19]} 26. gxf4 {[%clk 0:28:31]} Ng6 {[%clk 0:38:07]} 27. Kf2
{[%clk 0:22:25]} Nxf4 {[%clk 0:38:30]} 28. Kg3 {[%clk 0:20:29]} Ne2+
{[%clk 0:38:57]} 29. Kxg4 {[%clk 0:20:53]} Nxc1 {[%clk 0:39:24]} 30. Bxc1
{[%clk 0:21:22]} g6 {[%clk 0:39:48]} 31. Bb2 {[%clk 0:19:47]} a5 {[%clk 0:39:40]}
32. Rf2 {[%clk 0:19:12]} Kg7 {[%clk 0:40:04]} 33. Rf4 {[%clk 0:19:24]} h5+
{[%clk 0:40:02]} 34. Kg3 {[%clk 0:19:29]} axb4 {[%clk 0:39:57]} 35. Rxb4
{[%clk 0:19:52]} Rf7 {[%clk 0:40:19]} 36. Kf2 {[%clk 0:19:01]} g5
{[%clk 0:40:32]} 37. h3 {[%clk 0:16:16]} Kg6 {[%clk 0:40:55]} 38. Rd4
{[%clk 0:14:38]} h4 {[%clk 0:36:06]} 39. Rd6 {[%clk 0:14:18]} Re8
{[%clk 0:31:58]} 40. Be4+ {[%clk 0:14:08]} Kg7 {[%clk 0:31:27]} 41. Kf3
{[%clk 0:13:26]} Ra8 {[%clk 0:28:35]} 42. Kg4 {[%clk 0:09:21]} Ra5
{[%clk 0:28:27]} 43. Bf5 {[%clk 0:08:10]} Rb5 {[%clk 0:27:57]} 44. Ba1
{[%clk 0:08:21]} Rd5 {[%clk 0:27:30]} 45. Rxd5 {[%clk 0:08:26]} cxd5
{[%clk 0:27:55]} 46. Be6 {[%clk 0:08:50]} Rf8 {[%clk 0:22:37]} 47. Kf5
{[%clk 0:08:35]} Ra8 {[%clk 0:22:59]} 48. Bxf6+ {[%clk 0:08:55]} Kf8
{[%clk 0:23:26]} 49. Bc3 {[%clk 0:08:32]} d4 {[%clk 0:23:37]} 50. Bb4+
{[%clk 0:07:30]} Kg7 {[%clk 0:23:57]} 51. Kxg5 {[%clk 0:07:53]} Re8
{[%clk 0:24:22]} 52. Kf5 {[%clk 0:07:56]} b5 {[%clk 0:24:19]} 53. Bc5
{[%clk 0:08:19]} Ra8 {[%clk 0:24:37]} 54. Bxd4+ {[%clk 0:08:42]} Kf8
{[%clk 0:25:02]} 55. Bc5+ {[%clk 0:09:09]} Kg7 {[%clk 0:25:27]} 56. d4
{[%clk 0:09:31]} 1-0

[Event "V4 OPEN - International Championship of Slovakia 2
[Site "Banska Stiavnica"]
[Date "2013.07.10"]
[Round "5"]
[Board "19"]
[White "Jurcik, Martin"]
[Black "Dzikowski, Michal"]
[Result "1-0"]
[WhiteElo "2358"]
[BlackElo "1904"]
[PlyCount "0"]
[EventDate "2013.07.06"]
[EventRounds "9"]
[EventCountry "SVK"]

1. e4 {[%clk 1:30:54]} c6 {[%clk 1:30:55]} 2. d4 {[%clk 1:30:53]} d5
{[%clk 1:31:20]} 3. f3 {[%clk 1:30:47]} e6 {[%clk 1:31:26]} 4. Nc3
{[%clk 1:30:44]} Bb4 {[%clk 1:31:02]} 5. Bf4 {[%clk 1:29:58]} Ne7
{[%clk 1:19:30]} 6. Nge2 {[%clk 1:07:50]} Ng6 {[%clk 1:17:05]} 7. Be3
{[%clk 1:04:57]} dxe4 {[%clk 1:06:35]} 8. fxe4 {[%clk 1:04:30]} Qh4+
{[%clk 1:03:32]} 9. Ng3 {[%clk 1:04:11]} f5 {[%clk 1:02:25]} 10. Qh5
{[%clk 0:52:23]} fxe4 {[%clk 0:38:25]} 11. Qxh4 {[%clk 0:49:11]} Nxh4
{[%clk 0:38:46]} 12. Ngxe4 {[%clk 0:49:31]} Nf5 {[%clk 0:39:08]} 13. Bf2
{[%clk 0:49:42]} O-O {[%clk 0:38:48]} 14. O-O-O {[%clk 0:33:31]} Nd6
{[%clk 0:37:11]} 15. Bg3 {[%clk 0:29:43]} Nf5 {[%clk 0:36:08]} 16. Bf2
{[%clk 0:21:43]} Nd7 {[%clk 0:35:13]} 17. Bd3 {[%clk 0:11:50]} Nb6
{[%clk 0:33:24]} 18. g4 {[%clk 0:10:34]} Nd6 {[%clk 0:30:17]} 19. Bg3
{[%clk 0:10:30]} Ndc4 {[%clk 0:24:50]} 20. Rde1 {[%clk 0:06:40]} e5
{[%clk 0:19:25]} 21. Bxe5 {[%clk 0:06:40]} Nxe5 {[%clk 0:19:16]} 22. dxe5
{[%clk 0:07:08]} Bxc3 {[%clk 0:17:45]} 23. bxc3 {[%clk 0:07:04]} Bxg4
{[%clk 0:15:53]} 24. Rhg1 {[%clk 0:06:25]} Rf4 {[%clk 0:14:37]} 25. Rg3
{[%clk 0:04:31]} Kh8 {[%clk 0:11:23]} 26. Nc5 {[%clk 0:03:14]} Nd7
{[%clk 0:04:13]} 27. Rxg4 {[%clk 0:02:04]} Rxg4 {[%clk 0:04:26]} 28. Nxd7
{[%clk 0:02:33]} Rf4 {[%clk 0:03:29]} 29. e6 {[%clk 0:01:26]} Re8
{[%clk 0:03:50]} 30. Ne5 {[%clk 0:00:36]} Rf6 {[%clk 0:02:58]} 31. Bc4
{[%clk 0:00:58]} g6 {[%clk 0:02:27]} 32. Rd1 {[%clk 0:00:43]} b5 {[%clk 0:01:49]}
33. Bb3 {[%clk 0:00:59]} c5 {[%clk 0:01:41]} 34. Bd5 {[%clk 0:01:16]} Kg7
{[%clk 0:01:19]} 35. c4 {[%clk 0:00:54]} bxc4 {[%clk 0:01:33]} 36. Bxc4
{[%clk 0:00:59]} Rf4 {[%clk 0:01:04]} 37. Bd5 {[%clk 0:00:41]} Kf6
{[%clk 0:00:34]} 38. Nd7+ {[%clk 0:00:41]} Ke7 {[%clk 0:00:58]} 39. Nxc5
{[%clk 0:00:40]} Rc8 {[%clk 0:01:18]} 40. Nd3 {[%clk 0:00:38]} Rd4
{[%clk 0:00:43]} 41. Bb3 {[%clk 0:30:16]} a5 {[%clk 0:16:54]} 42. a4
{[%clk 0:30:03]} g5 {[%clk 0:17:04]} 43. Kb2 {[%clk 0:20:48]} Rf8
{[%clk 0:15:30]} 44. Re1 {[%clk 0:18:03]} g4 {[%clk 0:07:24]} 45. Re5
{[%clk 0:17:09]} Rb8 {[%clk 0:03:53]} 46. Rh5 {[%clk 0:15:12]} Rxa4
{[%clk 0:03:30]} 47. Rxh7+ {[%clk 0:14:59]} Kf6 {[%clk 0:03:42]} 48. Rf7+
{[%clk 0:14:11]} Kg6 {[%clk 0:04:04]} 49. Ne5+ {[%clk 0:09:48]} 1-0

[Event "V4 OPEN - International Championship of Slovakia 2
[Site "Banska Stiavnica"]
[Date "2013.07.10"]
[Round "5"]
[Board "20"]
[White "Talla, Vladimir"]
[Black "Chmielewski, Jakub"]
[Result "1-0"]
[WhiteElo "2394"]
[BlackElo "1880"]
[PlyCount "0"]
[EventDate "2013.07.06"]
[EventRounds "9"]
[EventCountry "SVK"]

1. d4 {[%clk 1:29:37]} Nf6 {[%clk 1:30:42]} 2. c4 {[%clk 1:30:01]} g6
{[%clk 1:31:09]} 3. Nc3 {[%clk 1:30:25]} Bg7 {[%clk 1:31:38]} 4. e4
{[%clk 1:30:49]} O-O {[%clk 1:32:04]} 5. Be3 {[%clk 1:30:18]} d6 {[%clk 1:32:20]}
6. f3 {[%clk 1:30:43]} e5 {[%clk 1:31:16]} 7. Nge2 {[%clk 1:31:07]} Nc6
{[%clk 1:30:25]} 8. d5 {[%clk 1:31:01]} Ne7 {[%clk 1:30:48]} 9. Qd2
{[%clk 1:29:37]} Ne8 {[%clk 1:29:17]} 10. g4 {[%clk 1:29:28]} c6 {[%clk 1:26:47]}
11. O-O-O {[%clk 1:29:14]} cxd5 {[%clk 1:26:09]} 12. cxd5 {[%clk 1:29:28]} Bd7
{[%clk 1:25:28]} 13. Kb1 {[%clk 1:27:21]} b5 {[%clk 1:23:55]} 14. Ng3
{[%clk 1:27:30]} b4 {[%clk 1:21:48]} 15. Nce2 {[%clk 1:27:55]} Qa5
{[%clk 1:21:05]} 16. h4 {[%clk 1:27:22]} Nc7 {[%clk 1:19:55]} 17. h5
{[%clk 1:25:26]} Nb5 {[%clk 1:18:48]} 18. Rc1 {[%clk 1:16:50]} Rfc8
{[%clk 1:16:25]} 19. hxg6 {[%clk 1:15:04]} fxg6 {[%clk 1:11:16]} 20. Bh6
{[%clk 1:13:29]} Rab8 {[%clk 0:38:06]} 21. Bxg7 {[%clk 1:09:42]} Nc3+
{[%clk 0:35:06]} 22. Rxc3 {[%clk 0:52:10]} bxc3 {[%clk 0:35:13]} 23. Nxc3
{[%clk 0:52:31]} Qxc3 {[%clk 0:34:21]} 24. Qxc3 {[%clk 0:52:16]} Rxc3
{[%clk 0:34:49]} 25. Bf6 {[%clk 0:52:38]} Rxf3 {[%clk 0:30:04]} 26. Bxe7
{[%clk 0:52:46]} Rxg3 {[%clk 0:30:27]} 27. Bxd6 {[%clk 0:53:09]} Re8
{[%clk 0:30:26]} 28. Bc5 {[%clk 0:52:17]} Bxg4 {[%clk 0:21:56]} 29. Bb5
{[%clk 0:51:04]} Rc8 {[%clk 0:12:15]} 30. b4 {[%clk 0:51:00]} a5 {[%clk 0:11:03]}
31. Ba6 {[%clk 0:42:32]} Ra8 {[%clk 0:04:15]} 32. b5 {[%clk 0:37:28]} Bc8
{[%clk 0:03:14]} 33. Rd1 {[%clk 0:35:06]} Bxa6 {[%clk 0:01:41]} 34. bxa6
{[%clk 0:35:33]} Rc3 {[%clk 0:00:53]} 35. Bf2 {[%clk 0:33:47]} Rc7
{[%clk 0:00:35]} 36. a7 {[%clk 0:32:21]} Kf7 {[%clk 0:00:40]} 37. Kb2
{[%clk 0:32:32]} Ke8 {[%clk 0:00:41]} 38. Kb3 {[%clk 0:29:48]} Rb7+
{[%clk 0:00:40]} 39. Ka4 {[%clk 0:29:32]} Rb2 {[%clk 0:00:44]} 40. Bc5
{[%clk 0:28:50]} Rxa2+ {[%clk 0:00:40]} 41. Kb5 {[%clk 0:29:08]} Kd7
{[%clk 0:00:36]} 42. Rf1 {[%clk 0:27:32]} Rb2+ {[%clk 0:00:35]} 43. Ka6
{[%clk 0:26:08]} Rxa7+ {[%clk 0:23:02]} 44. Kxa7 {[%clk 0:57:09]} h5
{[%clk 0:22:29]} 45. Rf7+ {[%clk 0:56:56]} Ke8 {[%clk 0:22:54]} 46. Rg7
{[%clk 0:57:18]} a4 {[%clk 0:22:10]} 47. d6 {[%clk 0:57:01]} a3 {[%clk 0:22:09]}
48. d7+ {[%clk 0:57:08]} Kd8 {[%clk 0:22:33]} 49. Bb6+ {[%clk 0:56:13]} Rxb6
{[%clk 0:22:52]} 50. Kxb6 {[%clk 0:56:38]} a2 {[%clk 0:23:13]} 51. Kc6
{[%clk 0:56:35]} 1-0

[Event "V4 OPEN - International Championship of Slovakia 2
[Site "Banska Stiavnica"]
[Date "2013.07.10"]
[Round "5"]
[Board "21"]
[White "Tropp, Oliver"]
[Black "Farkas, Gabor"]
[Result "0-1"]
[WhiteElo "2059"]
[BlackElo "2359"]
[PlyCount "0"]
[EventDate "2013.07.06"]
[EventRounds "9"]
[EventCountry "SVK"]

1. c4 {[%clk 1:30:57]} Nf6 {[%clk 1:27:19]} 2. Nf3 {[%clk 1:31:13]} c6
{[%clk 1:26:11]} 3. Nc3 {[%clk 1:31:00]} d5 {[%clk 1:26:12]} 4. e3
{[%clk 1:30:28]} e6 {[%clk 1:22:42]} 5. b3 {[%clk 1:26:57]} Nbd7 {[%clk 1:19:05]}
6. Qc2 {[%clk 1:26:14]} Bd6 {[%clk 1:17:05]} 7. Bb2 {[%clk 1:22:04]} O-O
{[%clk 1:14:41]} 8. Be2 {[%clk 1:21:43]} Qe7 {[%clk 1:13:04]} 9. O-O
{[%clk 1:20:58]} e5 {[%clk 1:11:50]} 10. cxd5 {[%clk 1:18:43]} cxd5
{[%clk 1:07:44]} 11. Nb5 {[%clk 1:17:23]} Bb4 {[%clk 1:03:18]} 12. a3
{[%clk 0:39:14]} Ba5 {[%clk 1:02:46]} 13. Nc7 {[%clk 0:38:34]} Rb8
{[%clk 0:58:46]} 14. b4 {[%clk 0:38:30]} Bb6 {[%clk 0:57:54]} 15. a4
{[%clk 0:28:23]} e4 {[%clk 0:56:05]} 16. Nd4 {[%clk 0:25:38]} Ne5
{[%clk 0:55:08]} 17. Rfc1 Nc6 {[%clk 0:44:39]} 18. Nxc6 {[%clk 0:18:56]} bxc6
{[%clk 0:43:50]} 19. Na6 {[%clk 0:17:46]} Bxa6 {[%clk 0:33:18]} 20. Bxa6
{[%clk 0:18:09]} Ng4 {[%clk 0:24:23]} 21. h3 {[%clk 0:15:46]} Ne5
{[%clk 0:21:57]} 22. Bxe5 {[%clk 0:14:56]} Qxe5 {[%clk 0:22:17]} 23. Qxc6
{[%clk 0:15:06]} Bd8 {[%clk 0:19:58]} 24. Qc3 {[%clk 0:11:21]} Qd6
{[%clk 0:17:17]} 25. b5 {[%clk 0:10:23]} Bf6 {[%clk 0:15:29]} 26. Qa3
{[%clk 0:10:14]} Qxa3 {[%clk 0:15:35]} 27. Rxa3 {[%clk 0:10:24]} Bb2
{[%clk 0:16:01]} 28. Rac3 {[%clk 0:10:12]} Rfd8 {[%clk 0:15:11]} 29. R1c2
{[%clk 0:09:48]} Bxc3 {[%clk 0:15:25]} 30. Rxc3 {[%clk 0:09:25]} Rd7
{[%clk 0:15:10]} 31. Bc8 {[%clk 0:09:09]} Re7 {[%clk 0:14:00]} 32. Rc5
{[%clk 0:08:33]} Kf8 {[%clk 0:13:38]} 33. Bg4 {[%clk 0:07:57]} Rd8
{[%clk 0:13:32]} 34. a5 {[%clk 0:07:33]} g6 {[%clk 0:12:35]} 35. Bc8
{[%clk 0:07:54]} Rd6 {[%clk 0:12:11]} 36. a6 {[%clk 0:06:36]} Ke8
{[%clk 0:07:35]} 37. Bb7 {[%clk 0:06:45]} Kd8 {[%clk 0:06:01]} 38. Kf1
{[%clk 0:00:34]} f5 {[%clk 0:05:43]} 39. Ke2 {[%clk 0:00:43]} Rc7
{[%clk 0:05:43]} 40. b6 {[%clk 0:00:46]} Rxb6 {[%clk 0:05:42]} 41. Rxd5+
{[%clk 0:28:54]} Rd7 {[%clk 0:34:26]} 42. Ra5 {[%clk 0:29:14]} Rb2
{[%clk 0:34:35]} 43. Bd5 {[%clk 0:25:59]} Kc7 {[%clk 0:34:17]} 44. Ra2
{[%clk 0:25:16]} Rxa2 {[%clk 0:34:10]} 45. Bxa2 {[%clk 0:25:45]} Kb6
{[%clk 0:34:29]} 46. Bc4 {[%clk 0:26:11]} Rc7 {[%clk 0:34:42]} 0-1

[Event "V4 OPEN - International Championship of Slovakia 2
[Site "Banska Stiavnica"]
[Date "2013.07.10"]
[Round "5"]
[Board "22"]
[White "Nasuta, Grzegorz"]
[Black "Sturc, Gustav"]
[Result "1-0"]
[WhiteElo "2353"]
[BlackElo "2047"]
[PlyCount "0"]
[EventDate "2013.07.06"]
[EventRounds "9"]
[EventCountry "SVK"]

1. e4 {[%clk 1:30:58]} e5 {[%clk 1:30:45]} 2. Nf3 {[%clk 1:31:21]} Nc6
{[%clk 1:31:09]} 3. Bb5 {[%clk 1:31:44]} a6 {[%clk 1:31:29]} 4. Ba4
{[%clk 1:32:06]} d6 {[%clk 1:31:49]} 5. c3 {[%clk 1:32:20]} b5 {[%clk 1:26:48]}
6. Bc2 {[%clk 1:31:35]} Bg4 {[%clk 1:26:37]} 7. h3 {[%clk 1:30:34]} Bxf3
{[%clk 1:18:45]} 8. Qxf3 {[%clk 1:30:54]} Qf6 {[%clk 1:18:27]} 9. Qe2
{[%clk 1:26:22]} g6 {[%clk 1:07:17]} 10. a4 {[%clk 1:09:16]} Rb8 {[%clk 1:04:46]}
11. axb5 {[%clk 1:06:38]} axb5 {[%clk 1:05:07]} 12. Bd3 {[%clk 1:07:00]} Nd8
{[%clk 1:02:59]} 13. Bxb5+ {[%clk 1:05:42]} c6 {[%clk 1:03:19]} 14. Bc4
{[%clk 1:01:42]} Bh6 {[%clk 1:02:09]} 15. O-O {[%clk 1:01:41]} Ne7
{[%clk 1:01:14]} 16. Na3 {[%clk 0:31:38]} Ne6 {[%clk 0:58:12]} 17. Bxe6
{[%clk 0:29:31]} Qxe6 {[%clk 0:56:17]} 18. Nc4 {[%clk 0:24:36]} O-O
{[%clk 0:55:17]} 19. d3 {[%clk 0:23:06]} Bxc1 {[%clk 0:55:17]} 20. Raxc1
{[%clk 0:19:38]} f5 {[%clk 0:49:17]} 21. exf5 {[%clk 0:11:20]} Nxf5
{[%clk 0:46:51]} 22. b4 {[%clk 0:10:43]} Qf6 {[%clk 0:44:43]} 23. Ra1
{[%clk 0:09:57]} d5 {[%clk 0:40:11]} 24. Nxe5 {[%clk 0:09:04]} Rfe8
{[%clk 0:38:05]} 25. d4 {[%clk 0:09:03]} Nd6 {[%clk 0:34:20]} 26. Qd3
{[%clk 0:08:39]} 1-0

[Event "V4 OPEN - International Championship of Slovakia 2
[Site "Banska Stiavnica"]
[Date "2013.07.10"]
[Round "5"]
[Board "23"]
[White "Vojtek, Vladimir"]
[Black "Bakalar, Jan"]
[Result "1-0"]
[WhiteElo "2278"]
[BlackElo "2042"]
[PlyCount "0"]
[EventDate "2013.07.06"]
[EventRounds "9"]
[EventCountry "SVK"]

1. e4 {[%clk 1:23:36]} e5 {[%clk 1:30:25]} 2. Nf3 {[%clk 1:23:39]} Nc6
{[%clk 1:30:47]} 3. Bb5 {[%clk 1:23:53]} a6 {[%clk 1:31:05]} 4. Ba4
{[%clk 1:24:16]} Nf6 {[%clk 1:31:28]} 5. d3 {[%clk 1:24:27]} d6 {[%clk 1:30:21]}
6. Nbd2 {[%clk 1:23:15]} g6 {[%clk 1:28:06]} 7. c3 {[%clk 1:22:11]} Bg7
{[%clk 1:28:28]} 8. O-O {[%clk 1:22:04]} b5 {[%clk 1:27:25]} 9. Bb3
{[%clk 1:22:10]} O-O {[%clk 1:27:41]} 10. Re1 {[%clk 1:21:23]} Na5
{[%clk 1:26:35]} 11. Bc2 {[%clk 1:21:33]} c5 {[%clk 1:26:52]} 12. Nf1
{[%clk 1:20:20]} h6 {[%clk 1:25:37]} 13. h3 {[%clk 1:14:34]} Be6 {[%clk 1:18:56]}
14. Be3 {[%clk 1:13:41]} Kh7 {[%clk 1:17:15]} 15. a3 {[%clk 1:11:51]} Qc7
{[%clk 1:16:56]} 16. Rc1 {[%clk 1:06:39]} Rac8 {[%clk 1:10:24]} 17. b4 Nb7 18. d4
{[%clk 0:50:32]} c4 {[%clk 1:04:29]} 19. Ng3 {[%clk 0:48:21]} Rce8
{[%clk 0:54:09]} 20. Nh2 {[%clk 0:46:29]} Rh8 {[%clk 0:38:25]} 21. f4
{[%clk 0:45:11]} Kg8 {[%clk 0:34:56]} 22. Rf1 {[%clk 0:41:28]} Bc8
{[%clk 0:29:58]} 23. Qf3 {[%clk 0:36:43]} Rf8 {[%clk 0:27:31]} 24. Rcd1
{[%clk 0:27:51]} Ne8 {[%clk 0:24:54]} 25. Rd2 {[%clk 0:25:07]} f6
{[%clk 0:21:39]} 26. Qd1 {[%clk 0:20:54]} h5 {[%clk 0:17:12]} 27. fxe5
{[%clk 0:14:58]} fxe5 {[%clk 0:16:01]} 28. Rxf8+ {[%clk 0:15:08]} Kxf8
{[%clk 0:15:49]} 29. Rf2+ {[%clk 0:14:00]} Kg8 {[%clk 0:14:33]} 30. Nf3
{[%clk 0:12:53]} h4 {[%clk 0:10:18]} 31. Nf1 {[%clk 0:11:43]} Rh5
{[%clk 0:09:46]} 32. dxe5 {[%clk 0:11:33]} dxe5 {[%clk 0:07:20]} 33. a4
{[%clk 0:07:37]} Nd8 {[%clk 0:06:20]} 34. axb5 {[%clk 0:07:35]} axb5
{[%clk 0:06:43]} 35. Qd5+ {[%clk 0:07:17]} Be6 {[%clk 0:02:25]} 36. Qxb5
{[%clk 0:07:31]} Nd6 {[%clk 0:02:45]} 37. Qa5 {[%clk 0:06:33]} Qxa5
{[%clk 0:02:29]} 38. bxa5 {[%clk 0:07:02]} Nb5 {[%clk 0:02:39]} 39. Rd2
{[%clk 0:06:46]} Nf7 {[%clk 0:02:37]} 40. a6 {[%clk 0:06:47]} Rh8
{[%clk 0:02:50]} 41. Ba4 {[%clk 0:04:00]} Nfd6 {[%clk 0:28:31]} 42. Ng5
{[%clk 0:33:26]} Bc8 {[%clk 0:25:53]} 43. Bxb5 {[%clk 0:33:45]} 1-0